01118agaaa2200241 45000010005000000030009000050050017000140070009000310080040000400400023000800410013001031000045001161300031001612450123001922500022003152600116003373000033004535200235004865380016007215460013007376500069007507000057008199681IT-RoPAU20220918181309.0d cvaizq50131s9999||||xx ||| | || ||und|| aIT-RoPAUcIT-RoPAU aITALIANO aSolt AndrewgCodice regista SPICS: 39860 aMARILYN LA STAR DEL SECOLO aMARILYN LA STAR DEL SECOLOcDiretto da: Solt AndrewpMARILYN LA STAR DEL SECOLO (Rif. Codice opera principale : B9681) aEdizione Standard aMILANO (STATI UNITI)bVIRGIN RECORDS / Distribuzione: UNIVIDEOc"1989 (1° ed.: 1989 ; Ed. Lingua Orig.: 1989)" aVHSbsonoro, col.c50 minuti aQUESTA VIDEOCASSETTA DELINEA L'ASCESA AL SUCCESSO DI MARILYN MONROE SULLA BASE DI RARE SEQUENZE E DEI RACCONTI DELLE PERSONE CHE LA CONOBBERO, GLORIASTEINMEN, ROBERT WAGNER, ROBERT MITCHUM E SUSAN STRASBERG. DOCUMENTARIO A COLORI. aPAL, STEREO aITALIANO aDOCUMENTARIOeSTUDI SUL CINEMA [VHS]xCodice MATERIA SPICS: 9959 aSolt Andrew e(regista)gCodice regista SPICS: 39860